MARC

LEADER 00000nam0a2200000 4500
001 161383
005 20231031155906.0
020 |a RU  |b 85-16992 
035 |a (RuTPU)RU\TPU\book\174998 
090 |a 161383 
100 |a 20090608d1984 k y0rusy5003 ca 
101 0 |a rus 
102 |a RU 
105 |a a z 001zy 
200 1 |a Метаморфизм и тектоника западных зон Урала  |e сборник статей  |f Академия наук СССР (АН СССР), Уральский научный центр (УНЦ); под ред. В. И. Ленных; В. Н. Пучкова 
210 |a Свердловск  |c УНЦ АН СССР  |d 1984 
215 |a 139 с.  |c ил. 
610 1 |a Западный Урал 
610 1 |a метаморфизм 
610 1 |a тектоника 
610 1 |a Русская платформа 
610 1 |a структурная эволюция 
675 |a 552.4  |v 3 
675 |a 551.24(470.5)  |v 3 
702 1 |a Ленных  |b В. И.  |g Владимир Иванович  |4 340 
702 1 |a Пучков  |b В. Н.  |4 340 
712 0 2 |a Академия наук СССР (АН СССР)  |b Уральский научный центр (УНЦ)  |2 stltpush  |3 (RuTPU)RU\TPU\col\3284 
801 0 |a RU  |b RuMRKP  |c 19950704  |g psbo 
801 1 |a RU  |b 63413507  |c 20090608  |g PSBO 
801 2 |a RU  |b 63413507  |c 20100125  |g PSBO 
942 |c BK